00791nam a2200193 a 450000100100000000500170001000800410002702000150006804000250008310000250010824501820013326000380031530000210035349000320037450400300040683000390043695201050047599900170058000004252820201002040220.0140206s1999 sp a 000 0 spa d a8440691483 aDO-SdBNPbspacBNPHU1 aSoler, Emilio96974713aLa aventura de Malaspina :bla gran expedición expedición científica del siglo XVIII por las costas de América, las Filipinas y las islas del Pacífico /cEmilio Soler. aBarcelona, :bEdiciones B,c1999. a351 p. ;c24 cm.1 aBiblioteca Grandes Viajeros aBibliografía p: 347-351 0aBiblioteca Grandes Viajeros969748 001050718MOaGRbGRcCTd2013-12-10iLF1l0o p42528-10r2020-06-25w2020-06-25y1ZNo se presta c42017d42017